New York Counties by Population - Statistics

General Stats
  • This quiz has been taken 529 times
  • The average score is 23 of 62
Answer Stats
Population County % Correct
2,405,464 Queens
99%
2,736,074 Kings
97%
1,694,251 New York
93%
1,472,654 Bronx
86%
1,395,774 Nassau
84%
1,525,920 Suffolk
83%
1,004,456 Westchester
81%
954,236 Erie
77%
495,747 Richmond
69%
759,443 Monroe
68%
314,848 Albany
62%
476,516 Onondaga
61%
338,329 Rockland
61%
295,911 Dutchess
57%
401,310 Orange
57%
212,666 Niagara
46%
198,683 Broome
45%
235,509 Saratoga
44%
232,125 Oneida
42%
181,851 Ulster
41%
5,107 Hamilton
39%
158,061 Schenectady
39%
97,668 Putnam
36%
105,740 Tompkins
31%
161,130 Rensselaer
30%
117,525 Oswego
28%
108,505 St. Lawrence
27%
24,774 Yates
27%
61,570 Columbia
26%
17,898 Schuyler
26%
127,657 Chautauqua
25%
37,381 Essex
24%
116,721 Jefferson
24%
112,458 Ontario
24%
61,302 Washington
24%
26,582 Lewis
23%
65,737 Warren
23%
91,283 Wayne
23%
84,148 Chemung
22%
79,843 Clinton
22%
78,624 Sullivan
22%
40,531 Wyoming
21%
76,248 Cayuga
20%
53,324 Fulton
20%
68,016 Madison
20%
93,584 Steuben
20%
46,809 Cortland
19%
58,388 Genesee
19%
47,931 Greene
19%
60,139 Herkimer
19%
40,343 Orleans
19%
29,714 Schoharie
19%
33,814 Seneca
19%
46,456 Allegany
18%
61,834 Livingston
18%
58,524 Otsego
18%
77,042 Cattaraugus
17%
44,308 Delaware
17%
47,555 Franklin
17%
49,532 Montgomery
17%
48,455 Tioga
17%
47,220 Chenango
16%
No matching quizzes found
Score Distribution
Percent of People with Each Score
Percentile by Number Answered
Your Score History
You have not taken this quiz